[Event "Colombo Mercantile op 11th"]
[Site "Colombo"]
[Date "2023.05.01"]
[Round "6"]
[White "Dickmadugodage, Ravi Prabath"]
[Black "Weerakoon, DDP"]
[Result "0-1"]
[WhiteElo "1845"]
[BlackElo "1618"]
[PlyCount "56"]
[EventDate "2023.04.28"]
[EventType "swiss"]
[EventRounds "7"]
[EventCountry "SRI"]
[SourceTitle "CBM 214 Extra"]
[Source "ChessBase"]
[SourceDate "2023.07.31"]
[SourceVersion "1"]
[SourceVersionDate "2023.07.31"]
[SourceQuality "1"]

1. d4 Nf6 2. Nc3 e6 3. Bf4 Nh5 4. Bd2 c5 5. d5 d6 6. e4 g6 7. Bb5+ Bd7 8. dxe6 fxe6 9. Be2 Ng7 10. Bh6 Qf6 11. Nf3 Qf7 12. Qd2 Be7 13. h4 a6 14. h5 Nc6 15. Na4 0-0-0 16. Nb6+ Kb8 17. Ng5 Qf6 18. Nxd7+ Rxd7 19. Bxg7 Qxg7 20. Nxe6 Qe5 21. Qc3 Qxc3+ 22. bxc3 Bf6 23. 0-0-0 Re8 24. Nxc5 Rdd8 25. Nb3 Rxe4 26. Bd3 Rg4 27. hxg6 hxg6 28. Rh6 Bg5+ 0-1

[Event "Colombo Mercantile op 11th"]
[Site "Colombo"]
[Date "2023.04.30"]
[Round "5"]
[White "Weerakoon, DDP"]
[Black "Deshappriya, D Kalindu"]
[Result "1-0"]
[WhiteElo "1618"]
[BlackElo "1437"]
[PlyCount "65"]
[EventDate "2023.04.28"]
[EventType "swiss"]
[EventRounds "7"]
[EventCountry "SRI"]
[SourceTitle "CBM 214 Extra"]
[Source "ChessBase"]
[SourceDate "2023.07.31"]
[SourceVersion "1"]
[SourceVersionDate "2023.07.31"]
[SourceQuality "1"]

1. e4 d6 2. d4 Nf6 3. Nc3 g6 4. Be3 Bg7 5. Bc4 0-0 6. f3 c6 7. Qd2 Re8 8. Bh6 e5 9. Bxg7 Kxg7 10. 0-0-0 Qa5 11. Kb1 b5 12. Bb3 Qb6 13. dxe5 dxe5 14. Nge2 a5 15. a4 Be6 16. Bxe6 Rxe6 17. axb5 a4 18. h4 cxb5 19. Nd5 Nxd5 20. exd5 Rd6 21. h5 b4 22. hxg6 Rxg6 23. c4 b3 24. Qc3 Nd7 25. Nf4 Rg5 26. Rh5 Qf6 27. Rdh1 Qxf4 28. Rxh7+ Kf6 29. Qb4 Ra6 30. Qb7 Qf5+ 31. Ka1 Rb6 32. Qc7 a3 33. Qd8+ 1-0

[Event "Negombo op 3rd"]
[Site "Negambo"]
[Date "2017.08.24"]
[Round "9"]
[White "Weerakoon, DDP"]
[Black "Dabarera, GWDM"]
[Result "1/2-1/2"]
[WhiteElo "1626"]
[BlackElo "1730"]
[PlyCount "48"]
[EventDate "2017.08.20"]
[EventType "swiss"]
[EventRounds "10"]
[EventCountry "SRI"]
[SourceTitle "CBM 180 Extra"]
[Source "ChessBase"]
[SourceDate "2017.10.06"]
[SourceVersion "1"]
[SourceVersionDate "2017.10.06"]
[SourceQuality "1"]

1. e4 e5 2. Nf3 Nc6 3. Bb5 a6 4. Ba4 Nf6 5. d3 b5 6. Bb3 Be7 7. c3 d6 8. h3 h6 9. Be3 Na5 10. Bc2 c5 11. 0-0 0-0 12. Re1 Qc7 13. Nbd2 Be6 14. d4 Rac8 15. d5 Bd7 16. b3 Nh7 17. Qb1 Qd8 18. Nf1 Bg5 19. Ng3 Bxe3 20. Rxe3 Ng5 21. Kh2 Qf6 22. Qd1 g6 23. Qe2 Kg7 24. Rh1 Qf4 1/2-1/2

[Event "Negombo op 3rd"]
[Site "Negambo"]
[Date "2017.08.23"]
[Round "7"]
[White "Weerakoon, DDP"]
[Black "Dickmadugodage, Ravi Prabath"]
[Result "1/2-1/2"]
[WhiteElo "1626"]
[BlackElo "1874"]
[PlyCount "57"]
[EventDate "2017.08.20"]
[EventType "swiss"]
[EventRounds "10"]
[EventCountry "SRI"]
[SourceTitle "CBM 180 Extra"]
[Source "ChessBase"]
[SourceDate "2017.10.06"]
[SourceVersion "1"]
[SourceVersionDate "2017.10.06"]
[SourceQuality "1"]

1. e4 c6 2. d4 d5 3. Nc3 dxe4 4. Nxe4 Nd7 5. Nf3 Ngf6 6. Nxf6+ Nxf6 7. Bd3 Bg4 8. c3 e6 9. 0-0 Qc7 10. Re1 Be7 11. Bc2 Rd8 12. Qe2 0-0 13. Bg5 c5 14. dxc5 Qxc5 15. Be3 Qd5 16. h3 Bh5 17. Bd4 b6 18. Bb3 Qf5 19. Qe5 Qxe5 20. Nxe5 Rc8 21. g4 Bg6 22. Nxg6 hxg6 23. Re2 Rfd8 24. Rd1 Bc5 25. Bxf6 Rxd1+ 26. Bxd1 gxf6 27. Rd2 Rc6 28. Rd8+ Kg7 29. Kg2 1/2-1/2

[Event "Negombo op 3rd"]
[Site "Negambo"]
[Date "2017.08.22"]
[Round "6"]
[White "Silva, Kevin Ranidu"]
[Black "Weerakoon, DDP"]
[Result "0-1"]
[WhiteElo "1822"]
[BlackElo "1626"]
[PlyCount "80"]
[EventDate "2017.08.20"]
[EventType "swiss"]
[EventRounds "10"]
[EventCountry "SRI"]
[SourceTitle "CBM 180 Extra"]
[Source "ChessBase"]
[SourceDate "2017.10.06"]
[SourceVersion "1"]
[SourceVersionDate "2017.10.06"]
[SourceQuality "1"]

1. d4 Nf6 2. Nf3 e6 3. e3 b6 4. Bd3 Bb7 5. Nbd2 c5 6. b3 Be7 7. Bb2 0-0 8. 0-0 d6 9. c4 Nbd7 10. a3 h6 11. b4 d5 12. Qb3 cxd4 13. Bxd4 Ne4 14. Rad1 Bf6 15. cxd5 Nxd2 16. Nxd2 Bxd5 17. Bc4 Bxd4 18. exd4 Nf6 19. Nf3 Rc8 20. Ne5 Bxc4 21. Nxc4 Qd5 22. Nd2 Qxd4 23. Nf3 Qc3 24. Qa4 a5 25. Rfe1 Nd5 26. bxa5 Rc4 27. Qd7 Rc7 28. Qa4 Ra8 29. Ne5 Qxa5 30. Qh4 Qxa3 31. h3 Qe7 32. Qe4 Qb4 33. Rd4 Qc3 34. Rd3 Qb2 35. Re2 Qc1+ 36. Re1 Qf4 37. Qe2 Ra5 38. Rf3 Qh4 39. Kh2 Nf6 40. Qe3 Rxe5 0-1

[Event "Negombo op 3rd"]
[Site "Negambo"]
[Date "2017.08.22"]
[Round "5"]
[White "Weerakoon, DDP"]
[Black "Jayasinghe, Joseph"]
[Result "1-0"]
[WhiteElo "1626"]
[BlackElo "1371"]
[PlyCount "51"]
[EventDate "2017.08.20"]
[EventType "swiss"]
[EventRounds "10"]
[EventCountry "SRI"]
[SourceTitle "CBM 180 Extra"]
[Source "ChessBase"]
[SourceDate "2017.10.06"]
[SourceVersion "1"]
[SourceVersionDate "2017.10.06"]
[SourceQuality "1"]

1. e4 e5 2. Nf3 Nc6 3. Bb5 Bc5 4. d3 d6 5. 0-0 Nf6 6. c3 a6 7. Ba4 b5 8. Bc2 Bg4 9. h3 Bh5 10. Re1 h6 11. Nbd2 g5 12. Nf1 g4 13. hxg4 Nxg4 14. Ne3 Nxe3 15. Bxe3 Bxe3 16. Rxe3 Qf6 17. a4 b4 18. d4 Rg8 19. Qd3 Ne7 20. Rd1 Ng6 21. Qc4 Kd7 22. dxe5 Nxe5 23. Nxe5+ Qxe5 24. Rd5 Qe6 25. e5 Rg5 26. exd6 1-0

[Event "Negombo op 3rd"]
[Site "Negambo"]
[Date "2017.08.20"]
[Round "2"]
[White "Bandara, Senomi Imethma"]
[Black "Weerakoon, DDP"]
[Result "0-1"]
[WhiteElo "1079"]
[BlackElo "1626"]
[PlyCount "48"]
[EventDate "2017.08.20"]
[EventType "swiss"]
[EventRounds "10"]
[EventCountry "SRI"]
[SourceTitle "CBM 180 Extra"]
[Source "ChessBase"]
[SourceDate "2017.10.06"]
[SourceVersion "1"]
[SourceVersionDate "2017.10.06"]
[SourceQuality "1"]

1. d4 Nf6 2. c4 e6 3. Nc3 Bb4 4. Bg5 h6 5. Bh4 b6 6. Nf3 Bb7 7. e3 0-0 8. Be2 d6 9. 0-0 Bxc3 10. bxc3 Nbd7 11. Qc2 Qe8 12. Rab1 Ne4 13. Rfd1 f5 14. d5 e5 15. Nd2 Ndc5 16. Bf3 Nxd2 17. Rxd2 g5 18. Bg3 f4 19. exf4 exf4 20. Re2 Qf7 21. Rbe1 Rae8 22. Rxe8 Rxe8 23. Rxe8+ Qxe8 24. Bxf4 Qe1# 0-1

[Event "Negombo op 2nd"]
[Site "Negombo"]
[Date "2016.08.16"]
[Round "7"]
[White "Priyankara, Chamil Y"]
[Black "Weerakoon, DDP"]
[Result "0-1"]
[WhiteElo "2039"]
[BlackElo "1641"]
[PlyCount "130"]
[EventDate "2016.08.13"]
[EventType "swiss"]
[EventRounds "9"]
[EventCountry "SRI"]
[SourceTitle "EXT 2019"]
[Source "ChessBase"]
[SourceDate "2018.10.10"]
[SourceVersion "1"]
[SourceVersionDate "2018.10.10"]
[SourceQuality "1"]

1. Nf3 Nf6 2. d4 e6 3. e3 b6 4. Bd3 Bb7 5. Nbd2 d6 6. b3 Be7 7. Bb2 0-0 8. 0-0 Nbd7 9. Re1 c5 10. c4 Re8 11. Rc1 Rc8 12. Bb1 Bf8 13. Qe2 Qe7 14. e4 e5 15. d5 g6 16. Nf1 Nh5 17. g3 Rc7 18. Ne3 Ndf6 19. Rc3 Bh6 20. Bc1 Qd7 21. Qf1 Bc8 22. Nh4 Qh3 23. Qxh3 Bxh3 24. f3 Bc8 25. a3 a5 26. Bd3 Ng7 27. Nhg2 Nfh5 28. b4 axb4 29. axb4 Ra7 30. Rb3 Bh3 31. bxc5 bxc5 32. Rb6 Bxg2 33. Nxg2 Bxc1 34. Rxc1 Rd8 35. Rcb1 Kf8 36. Ne3 Nf6 37. Nd1 Ra3 38. Be2 Rd7 39. Kf2 Nge8 40. R1b3 Rda7 41. Rxa3 Rxa3 42. Rb7 h5 43. h4 Ng8 44. Nb2 Ne7 45. Bd1 Ra8 46. Ba4 f5 47. exf5 Nxf5 48. Bc6 Nd4 49. Rf7+ Kxf7 50. Bxa8 Kf6 51. Nd1 g5 52. hxg5+ Kxg5 53. Ne3 Nf6 54. Bc6 h4 55. g4 Kf4 56. Nf5 Nxf3 57. Nxd6 Nxg4+ 58. Kg2 Ng5 59. Bd7 h3+ 60. Kf1 Ne3+ 61. Kg1 Nf3+ 62. Kh1 h2 63. Bh3 Nd1 64. Ne4 Kxe4 65. d6 Nf2+ 0-1

[Event "Negombo op 2nd"]
[Site "Negombo"]
[Date "2016.08.15"]
[Round "6"]
[White "Weerakoon, DDP"]
[Black "Liyanage, Ranindu Dilshan"]
[Result "1/2-1/2"]
[WhiteElo "1641"]
[BlackElo "1763"]
[PlyCount "88"]
[EventDate "2016.08.13"]
[EventType "swiss"]
[EventRounds "9"]
[EventCountry "SRI"]
[SourceTitle "EXT 2019"]
[Source "ChessBase"]
[SourceDate "2018.10.10"]
[SourceVersion "1"]
[SourceVersionDate "2018.10.10"]
[SourceQuality "1"]

1. e4 e5 2. Nf3 Nc6 3. Bc4 Nf6 4. d3 Be7 5. Nc3 0-0 6. h3 d6 7. Bg5 Na5 8. Bb3 Nxb3 9. axb3 Be6 10. Be3 a6 11. 0-0 c5 12. Ng5 d5 13. exd5 Bxd5 14. Nxd5 Nxd5 15. Qh5 Bxg5 16. Bxg5 Qd6 17. Rfe1 f5 18. Bd2 Rae8 19. Bc3 Nf4 20. Qf3 Rf6 21. Qxf4 exf4 22. Rxe8+ Kf7 23. Rae1 Rg6 24. f3 Qd7 25. R8e5 b5 26. Kh2 Rc6 27. b4 a5 28. bxc5 b4 29. Bd2 g5 30. b3 Kg6 31. R1e2 Qd4 32. Be1 Kf6 33. Re7 Qxc5 34. Rxh7 Qf8 35. Bf2 Kg6 36. Rhe7 Kh5 37. Bd4 Rd6 38. Bc5 Rh6 39. Bd4 Qc8 40. Bg7 Qg8 41. Bd4 Rh7 42. R7e5 Qd8 43. Bc5 Qc8 44. d4 Qa6 1/2-1/2

[Event "Ambalangoda Dhamso op 2nd"]
[Site "Ambalangoda"]
[Date "2012.04.22"]
[Round "8"]
[White "Weerakoon, DDP"]
[Black "Silva, KWCU"]
[Result "0-1"]
[WhiteElo "1681"]
[BlackElo "1870"]
[PlyCount "32"]
[EventDate "2012.04.19"]
[EventType "swiss"]
[EventRounds "9"]
[EventCountry "SRI"]
[SourceTitle "CBM 148 Extra"]
[Source "ChessBase"]
[SourceDate "2012.06.22"]
[SourceVersion "1"]
[SourceVersionDate "2012.06.22"]
[SourceQuality "1"]

1. e4 Nf6 2. e5 Nd5 3. c4 Nb6 4. d4 d6 5. f4 dxe5 6. fxe5 Nc6 7. Be3 Bf5 8. a3 e6 9. h3 Bxb1 10. Rxb1 Qh4+ 11. Bf2 Qe4+ 12. Ne2 Nxc4 13. Rg1 N4xe5 14. dxe5 Nxe5 15. Kd2 Rd8+ 16. Nd4 Rxd4+ 0-1

[Event "Ambalangoda Dhamso op 2nd"]
[Site "Ambalangoda"]
[Date "2012.04.21"]
[Round "6"]
[White "Weerakoon, DDP"]
[Black "Ediriwera, Shakthi"]
[Result "0-1"]
[WhiteElo "1681"]
[BlackElo "1852"]
[PlyCount "35"]
[EventDate "2012.04.19"]
[EventType "swiss"]
[EventRounds "9"]
[EventCountry "SRI"]
[SourceTitle "CBM 148 Extra"]
[Source "ChessBase"]
[SourceDate "2012.06.22"]
[SourceVersion "1"]
[SourceVersionDate "2012.06.22"]
[SourceQuality "1"]

1. e4 d5 2. exd5 Qxd5 3. Nc3 Qa5 4. d4 Nf6 5. Bc4 Bg4 6. f3 Bf5 7. Nge2 Nc6 8. 0-0 0-0-0 9. Be3 e5 10. Bf2 exd4 11. Nb5 Ne5 12. b3 a6 13. Na7+ Kb8 14. Bxd4 Bc5 15. c3 Nxc4 16. bxc4 Bxa7 17. Bxa7+ Kxa7 18. Qb3 0-1